| 000 | 01159cam a22003377a 4500 | ||
|---|---|---|---|
| 001 | 14298370 | ||
| 003 | BJBSDDR | ||
| 005 | 20231114102741.0 | ||
| 007 | ta | ||
| 008 | 060314s2004 sp 000 0 spa | ||
| 010 | _a 2006368623 | ||
| 020 | _a8433832107 | ||
| 020 | _a9788433832108 | ||
| 040 |
_aDLC _cDLC _bspa |
||
| 041 | _aspa | ||
| 050 | 1 | 4 |
_aU 264 _bM358a 2004 |
| 100 | 1 |
_aMarrero Rocha, Inmaculada C. _932966 |
|
| 245 | 1 | 0 |
_aArmas nucleares y estados proliferadores / _cInmaculada C. Marrero Rocha. |
| 260 |
_aGranada : _bUniversidad de Granada, _c2004. |
||
| 300 |
_a300 páginas ; _c22 cm. |
||
| 440 | 0 |
_aMonográfica / Universidad de Granada. _pBiblioteca de ciencias jurídicas ; _v5 |
|
| 504 | _aBibliografía: páginas [279]-296. | ||
| 650 | 4 |
_aControl de armas nucleares _94528 |
|
| 650 | 4 |
_aNo proliferación nuclear _913901 |
|
| 650 | 4 |
_aArmas nucleares _94527 |
|
| 650 | 4 |
_aSeguridad internacional _9426 |
|
| 830 | 0 |
_aMonográfica / Universidad de Granada _932968 |
|
| 906 |
_a7 _bcbc _corigres _d2 _encip _f20 _gy-gencatlg |
||
| 942 |
_2lcc _cBK |
||
| 999 |
_c119508 _d119508 |
||